000 00424nam a2200157 i 4500
001 75356
003 ES-MaACL
005 20230906172424.0
007 t|
008 040923s1946 xxu ||||1| eng d
100 1 _aGregory, Charles O.
_959915
245 1 0 _aLabor and the law /
_cby Charles O. Gregory.
260 _aNew York :
_bW. W. Norton,
_c[1946]
300 _a476 p. ;
_c22 cm.
852 _aES-MaACL
_jC-4502
_bR.24442
999 _c75356
_d75356